Macroeconomics: Principles, Problems and Policies (Record no. 5671)
[ view plain ]
| 005 - DATE AND TIME OF LATEST TRANSACTION | |
|---|---|
| control field | 20250627140755.0 |
| 020 ## - INTERNATIONAL STANDARD BOOK NUMBER | |
| International Standard Book Number | 978-0-07-327308-2 |
| 082 ## - DEWEY DECIMAL CLASSIFICATION NUMBER | |
| Classification number | 338.5 McC |
| 100 ## - MAIN ENTRY--PERSONAL NAME | |
| Author name | McCONNELL, C . R . |
| 245 ## - TITLE STATEMENT | |
| Title | Macroeconomics: Principles, Problems and Policies |
| 250 ## - EDITION STATEMENT | |
| Edition statement | 17th Ed. |
| 260 ## - PUBLICATION, DISTRIBUTION, ETC. | |
| Place of publication, distribution, etc. | New York, |
| Name of publisher, distributor, etc. | McGraw Hill, |
| Date of publication, distribution, etc. | 2008. |
| 300 ## - PHYSICAL DESCRIPTION | |
| Extent | xxvii, 417P.: ill.; figure, table, |
| Other physical details | glossary & index, |
| Dimensions | 25cm. |
| 700 ## - ADDED ENTRY--PERSONAL NAME | |
| Other authors/Editors | BRUE, S . L . |
| 942 ## - ADDED ENTRY ELEMENTS (KOHA) | |
| Source of classification or shelving scheme | Dewey Decimal Classification |
| Koha item type | Books |
| Date last seen | Total checkouts | Full call number | Barcode | Cost, replacement price | Price effective from | Koha item type | Lost status | Source of classification or shelving scheme | Damaged status | Not for loan | Withdrawn status | Home library | Current library | Shelving location | Date acquired | Cost, normal purchase price |
|---|---|---|---|---|---|---|---|---|---|---|---|---|---|---|---|---|
| 06/27/2025 | 338.5 McC | MZA0002448 | 90000.00 | 06/27/2025 | Books | Dewey Decimal Classification | CBE Mwanza | CBE Mwanza | General Collection | 07/17/2012 | 30000.00 | |||||
| 06/27/2025 | 338.5 McC | MZA0002449 | 90000.00 | 06/27/2025 | Books | Dewey Decimal Classification | CBE Mwanza | CBE Mwanza | General Collection | 07/17/2012 | 30000.00 | |||||
| 06/27/2025 | 338.5 McC | MZA0002450 | 90000.00 | 06/27/2025 | Books | Dewey Decimal Classification | CBE Mwanza | CBE Mwanza | General Collection | 07/17/2012 | 30000.00 | |||||
| 06/27/2025 | 338.5 McC | MZA0002451 | 90000.00 | 06/27/2025 | Books | Dewey Decimal Classification | CBE Mwanza | CBE Mwanza | General Collection | 07/17/2012 | 30000.00 | |||||
| 06/27/2025 | 338.5 McC | MZA0002452 | 90000.00 | 06/27/2025 | Books | Dewey Decimal Classification | CBE Mwanza | CBE Mwanza | General Collection | 07/17/2012 | 30000.00 | |||||
| 06/27/2025 | 338.5 McC | MZA0002453 | 90000.00 | 06/27/2025 | Books | Dewey Decimal Classification | CBE Mwanza | CBE Mwanza | General Collection | 07/17/2012 | 30000.00 |
